[Event "HUN-chT2 Toth 1819"]
[Site "Hungary"]
[Date "2019.03.31"]
[Round "10.7"]
[White "Bakos, Andras"]
[Black "Campeanu, Alin Vivian"]
[Result "1/2-1/2"]
[WhiteElo "1792"]
[BlackElo "1865"]
[PlyCount "167"]
[EventDate "2018.09.23"]
[EventType "team-tourn"]
[EventRounds "11"]
[EventCountry "HUN"]
[SourceTitle "EXT 2021"]
[Source "ChessBase"]
[SourceDate "2020.10.23"]
[SourceVersion "1"]
[SourceVersionDate "2020.10.23"]
[SourceQuality "1"]
[WhiteTeam "Kecskemet Toth Laszlo II"]
[BlackTeam "Gyula"]
[WhiteTeamCountry "HUN"]
[BlackTeamCountry "HUN"]

1. e4 d5 2. exd5 Qxd5 3. Nc3 Qa5 4. d4 Nf6 5. Nf3 c6 6. Be2 Bg4 7. 0-0 e6 8. h3 Bh5 9. Ne5 Bg6 10. Bf4 Bb4 11. a3 Be7 12. b4 Qd8 13. Bf3 a6 14. Re1 0-0 15. Bg5 Nfd7 16. Bxe7 Qxe7 17. Nxg6 hxg6 18. d5 cxd5 19. Nxd5 Qd8 20. Ne3 Qc7 21. c4 Ne5 22. c5 Rd8 23. Qe2 Nxf3+ 24. Qxf3 Nc6 25. Rad1 Rd4 26. Rxd4 Nxd4 27. Qe4 Rd8 28. Nc4 Nb5 29. Qe5 Qxe5 30. Rxe5 Rd4 31. c6 bxc6 32. Rc5 Na7 33. Kf1 Kf8 34. Ke2 Rd5 35. a4 Ke7 36. Ne5 Rxc5 37. bxc5 g5 38. Nd3 f6 39. a5 Nb5 40. Nb4 Nd4+ 41. Kd3 Nb3 42. Nxc6+ Kd7 43. Nb8+ Kc7 44. Nxa6+ Kb7 45. Nb4 Nxa5 46. Kc3 Kc7 47. Na6+ Kb7 48. Nb4 Kc7 49. Nc2 Kc6 50. Kb4 Nb7 51. Nd4+ Kd5 52. Nb5 Nxc5 53. Nc3+ Kc6 54. Kc4 Nd7 55. Ne4 Ne5+ 56. Kd4 Ng6 57. g3 Ne5 58. Ke3 Nf7 59. Nc3 Kd6 60. Nb5+ Kc6 61. Nc3 Kc5 62. Na4+ Kd6 63. Nc3 Ke5 64. Nb5 Nd6 65. Nc7 f5 66. f4+ gxf4+ 67. gxf4+ Kf6 68. Kf3 Ne4 69. Ke3 Ke7 70. Nb5 Nf6 71. Kd4 g6 72. h4 Ng4 73. Kd3 Nh2 74. Ke2 Ng4 75. Kd3 e5 76. fxe5 Nxe5+ 77. Ke3 Kf6 78. Nc7 Nc4+ 79. Kf4 Nd6 80. Nd5+ Kg7 81. h5 Kh6 82. hxg6 Kxg6 83. Ne7+ Kf6 84. Nxf5 1/2-1/2

[Event "HUN-chT2 Toth 1617"]
[Site "Hungary"]
[Date "2017.03.12"]
[Round "10.7"]
[White "Zsiros, Laszlo"]
[Black "Campeanu, Alin Vivian"]
[Result "0-1"]
[WhiteElo "1765"]
[BlackElo "1837"]
[PlyCount "68"]
[EventDate "2016.09.25"]
[EventType "team-tourn"]
[EventRounds "11"]
[EventCountry "HUN"]
[SourceTitle "EXT 2021"]
[Source "ChessBase"]
[SourceDate "2020.10.23"]
[SourceVersion "1"]
[SourceVersionDate "2020.10.23"]
[SourceQuality "1"]
[WhiteTeam "Kecskemet Takisz"]
[BlackTeam "Gyula"]
[WhiteTeamCountry "HUN"]
[BlackTeamCountry "HUN"]

1. d4 Nf6 2. c4 e5 3. e3 exd4 4. exd4 d5 5. Nc3 c6 6. Nf3 Be7 7. Be2 0-0 8. 0-0 dxc4 9. Bxc4 Nbd7 10. a4 Nb6 11. Be2 Nbd5 12. Bg5 h6 13. Bh4 Be6 14. Bg3 Qb6 15. Qd2 Bb4 16. Ne5 Qa5 17. Rfc1 Ne4 18. Qd3 Nexc3 19. bxc3 Nxc3 20. Bg4 Bxg4 21. Nxg4 Nd5 22. Ne5 Qd8 23. h3 Re8 24. Qf3 Qf6 25. Qb3 a5 26. Rd1 Rad8 27. Rac1 Re7 28. Rf1 Qe6 29. Qf3 Nb6 30. Bh4 g5 31. Bg3 Nxa4 32. h4 Bd6 33. hxg5 hxg5 34. Qg4 Qxg4 0-1

[Event "HUN-chT2 Toth 1617"]
[Site "Hungary"]
[Date "2016.12.11"]
[Round "6.6"]
[White "Campeanu, Alin Vivian"]
[Black "Miszler, Levente"]
[Result "0-1"]
[WhiteElo "1837"]
[BlackElo "1933"]
[PlyCount "128"]
[EventDate "2016.09.25"]
[EventType "team-tourn"]
[EventRounds "11"]
[EventCountry "HUN"]
[SourceTitle "EXT 2021"]
[Source "ChessBase"]
[SourceDate "2020.10.23"]
[SourceVersion "1"]
[SourceVersionDate "2020.10.23"]
[SourceQuality "1"]
[WhiteTeam "Gyula"]
[BlackTeam "Kecskemet Toth Laszlo II"]
[WhiteTeamCountry "HUN"]
[BlackTeamCountry "HUN"]

1. d4 Nf6 2. Nd2 g6 3. e4 d6 4. Ngf3 Bg7 5. c3 0-0 6. Bd3 Nbd7 7. 0-0 e5 8. dxe5 Nxe5 9. Nxe5 dxe5 10. Nc4 Nd7 11. Qc2 Nc5 12. Rd1 Be6 13. Ne3 Nxd3 14. Rxd3 Qh4 15. Rd1 f5 16. f3 c6 17. Bd2 f4 18. Be1 Qe7 19. Ng4 Bxg4 20. fxg4 f3 21. Bg3 Qe6 22. h3 Bh6 23. Rf1 fxg2 24. Kxg2 Bf4 25. b3 Rf7 26. Rf2 Raf8 27. Raf1 g5 28. Qe2 Rd8 29. Rd1 Rxd1 30. Qxd1 Rd7 31. Qc2 Qd6 32. Qe2 Qd3 33. Qxd3 Rxd3 34. Rf3 Rd1 35. Rf2 Kf7 36. h4 h6 37. hxg5 hxg5 38. Re2 Rd3 39. Be1 Ke6 40. c4 Kd6 41. Bb4+ c5 42. Be1 a6 43. Bf2 Kc6 44. Rc2 a5 45. Kf1 a4 46. bxa4 Ra3 47. a5 Rxa5 48. Be1 Ra3 49. Bc3 Ra8 50. Be1 Rd8 51. Bf2 Rh8 52. Kg2 Rh2+ 53. Kf1 Bg3 54. Re2 Rxf2+ 55. Rxf2 Bxf2 56. Kxf2 Kb6 57. Ke1 Ka5 58. Kd2 Kb4 59. Kd3 Ka3 60. Kc3 Kxa2 61. Kc2 Ka3 62. Kc3 Ka4 63. Kc2 Kb4 64. Kd3 Kb3 0-1

[Event "HUN-chT2 Toth 1617"]
[Site "Hungary"]
[Date "2016.10.30"]
[Round "3.4"]
[White "Vilagos, Nandor"]
[Black "Campeanu, Alin Vivian"]
[Result "1/2-1/2"]
[WhiteElo "2120"]
[BlackElo "1837"]
[PlyCount "34"]
[EventDate "2016.09.25"]
[EventType "team-tourn"]
[EventRounds "11"]
[EventCountry "HUN"]
[SourceTitle "EXT 2021"]
[Source "ChessBase"]
[SourceDate "2020.10.23"]
[SourceVersion "1"]
[SourceVersionDate "2020.10.23"]
[SourceQuality "1"]
[WhiteTeam "Felegyhaza Csongrad"]
[BlackTeam "Gyula"]
[WhiteTeamCountry "HUN"]
[BlackTeamCountry "HUN"]

1. e4 d5 2. exd5 Qxd5 3. Nc3 Qa5 4. d4 Nf6 5. Nf3 c6 6. Bc4 Bg4 7. h3 Bh5 8. g4 Bg6 9. Ne5 e6 10. Bd2 Nbd7 11. Nxd7 Nxd7 12. Qe2 0-0-0 13. 0-0-0 Qc7 14. Be3 Bb4 15. Nb1 Nb6 16. Bb3 Nd5 17. c3 Bd6 1/2-1/2

[Event "Krakow op-C"]
[Site "Krakow"]
[Date "2003.12.29"]
[Round "4"]
[White "Campeanu, Alin Vivian"]
[Black "Ungureanu, Sandu"]
[Result "1/2-1/2"]
[WhiteElo "1000"]
[BlackElo "1000"]
[PlyCount "36"]
[EventDate "2003.12.27"]
[EventType "swiss"]
[EventRounds "9"]
[EventCountry "POL"]
[SourceTitle "EXT 2006"]
[Source "ChessBase"]
[SourceDate "2005.11.24"]
[SourceVersion "1"]
[SourceVersionDate "2005.11.24"]
[SourceQuality "1"]

1. d4 d5 2. c4 c5 3. dxc5 dxc4 4. Qxd8+ Kxd8 5. e4 e6 6. Be3 Nd7 7. Bxc4 Bxc5 8. Bxc5 Nxc5 9. Nc3 a6 10. 0-0-0+ Kc7 11. Nge2 Nf6 12. f3 Bd7 13. Rd2 Bc6 14. Rhd1 Rhd8 15. Rxd8 Rxd8 16. Rxd8 Kxd8 17. b4 Na4 18. Nxa4 Bxa4 1/2-1/2